000 00344nam a2200133Ia 4500
008 240624s9999 xx 000 0 und d
041 _aeng
082 _a333.91 YOU
100 _aYOUNG ROBERT A
245 _aDETERMINING THE ECONOMIC VALUE OF WATER
260 _c2014
_aConcepts and Methods
_bRoutledge
300 _a358 p.
365 _cBPS
_b31
999 _c31367
_d31367